|
|
|
|
| LEADER |
01357nam a2200349 a 4500 |
| 001 |
000655398 |
| 003 |
CZ BrMZK |
| 005 |
20090313133556.0 |
| 007 |
ta |
| 008 |
030227s2001 xr c p 000 0 cze d |
| 015 |
|
|
|a cnb000998244
|
| 020 |
|
|
|q (brož.)
|
| 035 |
|
|
|a (OCoLC)47952007
|
| 040 |
|
|
|a BOA001
|b cze
|
| 072 |
|
7 |
|a 54
|x Chemie. Mineralogické vědy
|2 Konspekt
|9 10
|
| 072 |
|
7 |
|a 37.016
|x Učební osnovy. Vyučovací předměty. Učebnice
|2 Konspekt
|9 22
|
| 080 |
|
|
|a 54
|2 MRF
|
| 080 |
|
|
|a (075.2)
|2 MRF
|
| 080 |
|
|
|a (072)
|2 MRF
|
| 100 |
1 |
|
|a Bílek, Martin,
|d 1964-
|7 mzk2003173196
|4 aut
|
| 245 |
1 |
0 |
|a Metodické poznámky k učebnici Chemie na každém kroku pro 9. ročník ZŠ /
|c Martin Bílek, Jiří Rychtera
|
| 246 |
3 |
3 |
|a Metodické poznámky (Chemie na každém kroku, Laboratorní cvičení)
|
| 260 |
|
|
|a Praha :
|b Moby Dick,
|c 2001
|
| 300 |
|
|
|a 15 s. ;
|c 21 cm
|
| 500 |
|
|
|a Název v tiráži: Metodické poznámky (Chemie na každém kroku, Laboratorní cvičení)
|
| 650 |
0 |
7 |
|a chemie
|7 ph114237
|2 czenas
|
| 655 |
|
7 |
|a učebnice základních škol
|7 fd133773
|2 czenas
|
| 655 |
|
7 |
|a metodické příručky
|7 fd132826
|2 czenas
|
| 700 |
1 |
|
|a Rychtera, Jiří,
|d 1945-
|7 mzk2003173841
|4 aut
|
| 910 |
|
|
|a BOA001
|b 2-1114.503
|
| 990 |
|
|
|a BK
|
| 996 |
6 |
|
|b 2610182475
|c 2-1114.503
|l MZK
|r Sklad / do 1 hodiny
|n 0
|p p.v.
|w 000655398
|u 000010
|a 1
|e BOA001
|j MZK50
|s P
|